| 000 | 01137nam0a22002531 4500 | ||
|---|---|---|---|
| 001 | rc\516737 | ||
| 005 | 20260407104856.0 | ||
| 035 | _a(NLR Aleph) 005756242 | ||
| 090 |
_a4891872 _c4891872 |
||
| 100 | _a20030616d1987 |||y0rusy50 ca | ||
| 101 | 0 | _arus | |
| 102 | _aRU | ||
| 105 | _aa ||||||||| | ||
| 200 | 1 |
_aОрганизация и технология необезличенного ремонта сельскохозяйственной техники _eНауч. тр. _fЧеляб. ин-т механизации и электрификации сел. хоз-ва _g[Отв. ред. Бледных В.В.] |
|
| 210 |
_aЧелябинск _cЧИМЭСХ _d1987 |
||
| 215 |
_a91, [1] с. _cил. _d21 |
||
| 320 | _aБиблиогр. в конце ст. | ||
| 702 | 1 |
_aБледных _bВ.В. _gВасилий Васильевич _4340 |
|
| 712 | 0 | 2 |
_aЧелябинский институт механизации и электрификации сельского хозяйства _3RU\NLR\AUTH\889936002 _9366857 |
| 801 | 0 |
_aRU _bNLR _gpsbo |
|
| 801 | 1 |
_aRU _bELAR _2rusmarc |
|
| 852 |
_aNLR _j88-4/10386 |
||
| 942 | _cBOOK | ||
| 980 | _aNB | ||